000 00679nam a2200241Ia 4500
003 OSt
005 20221005101810.0
006 a|||||r|||| 00| 0
007 ta
008 221004b |||||||| |||| 00| 0 san d
024 _a106838
037 _cTextual
040 _aCRL
_cCRL
_bsan
041 _2san
_asan
082 _aO15,2D40:g(NT), 152M9
100 _aPuru Dadhich
_9622633
245 0 _aSanskrit prayog - vigyan tatha Kalidasiye rupak
260 _aUjjan
_bBindu Prakashan India
_c1989
300 _a335p.
_ccm.
650 _aSANSKRIT LITERATURE
942 _hO15,2D40:g(NT), 152M9
_cTEXL
_2cc
999 _c1007411
_d1007411